Piosenki Disneya w filmach - Statystyki

Ogólne statystyki
  • Ten quiz został rozwiązany 9 712 razy
  • Średni wynik to 9 z 18
Statystyki odpowiedzi
Piosenka Film % Poprawnych
Mam tę moc Kraina Lodu
97%
Krąg życia Król Lew
81%
Kolorowy wiatr Pocahontas
69%
Druha we mnie masz Toy Story
69%
Arabska noc Aladyn
66%
Na morza dnie Mała syrenka
64%
Gościem bądź Piękna i Bestia
62%
Bibbidi-Bobbidi-Boo Kopciuszek
60%
Once Upon a Dream Śpiąca królewna
55%
Lustro Mulan
48%
Someday My Prince Will Come Królewna Śnieżka
36%
Ani słowa Herkules
33%
Prawie udało się Księżniczka i żaba
32%
Bella Notte Zakochany kundel
30%
Pod łapą masz Księga dżungli
17%
W mym sercu twój dom Tarzan
16%
When You Wish Upon a Star Pinokio
13%
Chleb dla gołębi Mary Poppins
5%
Nie znaleziono quizów pasujących do podanych kryteriów
Rozkład punktacji
Procent ludzi z każdym wynikiem
Percentyl według liczby udzielonych odpowiedzi
Twoja historia wyników
Nie rozwiązałeś tego quizu